បងប្អូនស្រី ព្រិលស និង កុលាបក្រហម / (Record no. 9230)
[ view plain ]
| 000 -LEADER | |
|---|---|
| fixed length control field | 02009nam a22002657a 4500 |
| 001 - CONTROL NUMBER | |
| control field | 9230 |
| 003 - CONTROL NUMBER IDENTIFIER | |
| control field | FISKH |
| 005 - DATE AND TIME OF LATEST TRANSACTION | |
| control field | 20251205152619.0 |
| 008 - FIXED-LENGTH DATA ELEMENTS--GENERAL INFORMATION | |
| fixed length control field | 251203b cb ||||| |||| 00| 0 eng d |
| 040 ## - CATALOGING SOURCE | |
| Original cataloging agency | FISKH |
| Language of cataloging | khr |
| Transcribing agency | FISKH |
| Modifying agency | FISKH |
| 082 ## - DEWEY DECIMAL CLASSIFICATION NUMBER | |
| Classification number | 398.2 |
| 100 ## - MAIN ENTRY--PERSONAL NAME | |
| Personal name | Anonymous |
| 245 ## - TITLE STATEMENT | |
| Title | បងប្អូនស្រី ព្រិលស និង កុលាបក្រហម / |
| Statement of responsibility, etc. | By Anonymous |
| 260 ## - PUBLICATION, DISTRIBUTION, ETC. | |
| Place of publication, distribution, etc. | Phnom Penh : |
| 300 ## - PHYSICAL DESCRIPTION | |
| Extent | 16 unnumbered pages : |
| Other physical details | color illustrations ; |
| Dimensions | 21 cm . |
| 505 ## - FORMATTED CONTENTS NOTE | |
| Formatted contents note | K <br/> |
| 520 ## - SUMMARY, ETC. | |
| Summary, etc. | ព្រិលស និង កុលាបក្រហមជាបងប្អូននឹងគ្នានាងរស់នៅជាមួយម្តាយក្នុងគ្រួសារក្រីក្រមួយ។ ពួកនាងគឺជាមិត្តរបស់ខ្លាឃ្មុំ ។ មួយរយះក្រោយមកខ្លាឃ្មុំក៏បានចាកចេញពីពួកនាង ។ ច្រើនឆ្នាំកន្លងទៅខ្លាឃ្មុំបានប្រែក្លាយទៅជាបុរសសង្ហារម្នាក់មករៀបការជាមួយព្រិលស ឯកុលាបក្រហមវិញក៏បានរៀបការជាមួយបងប្រុសបុរសសង្ហារនោះ ។ |
| 520 ## - SUMMARY, ETC. | |
| Summary, etc. | Snow White and Red Rose were siblings who lived with their mother in a poor family. They were friends with a bear. After a while, the bear left them. Many years later, the bear had transformed into a handsome man and married Snow White , while Red Rose married the brother of that handsome man. |
| 521 8# - TARGET AUDIENCE NOTE | |
| Target audience note | 510 <br/> |
| Source | Lexile estimate <br/> |
| 521 8# - TARGET AUDIENCE NOTE | |
| Target audience note | K <br/> |
| Source | Raz-Plus <br/> |
| 650 ## - SUBJECT ADDED ENTRY--TOPICAL TERM | |
| Topical term or geographic name entry element | បងប្អូនព្រិលសនិងកុលាបក្រហម |
| Form subdivision | រឿងនិទានកុមារ |
| 650 ## - SUBJECT ADDED ENTRY--TOPICAL TERM | |
| Topical term or geographic name entry element | Snow White and Red Rose |
| Form subdivision | Children's Stories |
| 942 ## - ADDED ENTRY ELEMENTS (KOHA) | |
| Source of classification or shelving scheme | Dewey Decimal Classification |
| Koha item type | Khmer Books |
| Suppress in OPAC | No |
| Withdrawn status | Lost status | Source of classification or shelving scheme | Damaged status | Not for loan | Collection | Home library | Current library | Shelving location | Date acquired | Total Checkouts | Full call number | Barcode | Date last seen | Copy number | Price effective from | Koha item type |
|---|---|---|---|---|---|---|---|---|---|---|---|---|---|---|---|---|
| Dewey Decimal Classification | Khmer Language Books / សៀវភៅភាសាខ្មែរ | Footprints International School Library Network Toul Tom Poung Campus | Footprints International School Library Network Toul Tom Poung Campus | TTP Primary Khmer Bookshelves | 12/03/2025 | ANO 398.2 | 2025-5015 | 12/03/2025 | 1 | 12/03/2025 | Khmer Books | |||||
| Dewey Decimal Classification | Khmer Language Books / សៀវភៅភាសាខ្មែរ | Footprints International School Library Network Toul Tom Poung Campus | Footprints International School Library Network Toul Tom Poung Campus | TTP Primary Khmer Bookshelves | 12/05/2025 | ANO 398.2 | 2025-5057 | 12/05/2025 | 2 | 12/05/2025 | Khmer Books |
